000
00229nam a2200097Ia 4500
001
854726
005
20250826174557.0
008
250824s9999 xx 000 0 und d
245
0
_a
TATLI RÜYALAR
_c
MAHSA HEDAYATİ
260
_b
KETEBE
999
_c
854726
_d
854726